[Event "DEM U12 2018"]
[Site "Willingen GER"]
[Date "2018.05.23"]
[Round "6"]
[White "Ljuca, Semir"]
[Black "Schulemann, Gero"]
[Result "0-1"]
[Termination "normal"]
[Board "25"]
[WhiteElo "1344"]
[BlackElo "1700"]
[PlyCount "120"]
[WhiteFideId "16216130"]
[BlackFideId "16227646"]
[EventCountry "GER"]
[EventRounds "11"]
[EventType "swiss"]
[EventDate "2018.05.19"]

1. e4 e5 2. Nf3 Nc6 3. Bc4 Bc5 4. O-O d6 5. h3 Nf6 6. d3 h6 7. Nc3 Be6 8. Bb3
Qd7 9. Be3 Bxe3 10. fxe3 O-O-O 11. d4 exd4 12. exd4 d5 13. exd5 Nxd5 14. Nxd5
Bxd5 15. Bxd5 Qxd5 16. c3 g5 17. Rc1 Qxa2 18. b3 Qa5 19. c4 Nxd4 20. Nxd4 Qc5
21. Qg4+ Kb8 22. Rcd1 h5 23. Qe4 Rhe8 24. Qd3 Rd6 25. Rf5 Re5 26. Rxe5 Qxe5 27.
Qc3 Kc8 28. Rd3 f6 29. Nb5 Rxd3 30. Qxd3 h4 31. Nxa7+ Kb8 32. Nb5 Qe1+ 33. Qf1
Qe3+ 34. Qf2 Qe5 35. Qd2 b6 36. Kf1 Qf4+ 37. Ke2 Qe4+ 38. Kf2 Qf5+ 39. Ke3
39... Qf4+ {(=)} 40. Kd3 Qf5+ 41. Kc3 Qe5+ 42. Nd4 {(=)} 42... c5 43. Qd3 Kc7
44. Kd2 cxd4 45. b4 f5 46. Qa3 Qf4+ 47. Ke2 Qe4+ 48. Kf1 Qb1+ 49. Kf2 Qc2+ 50.
Kf1 Qxc4+ 51. Kg1 Qc6 52. b5 Qe4 53. Qa7+ Qb7 54. Qa2 Kd6 55. Qd2 Qe4 56. Qb4+
Ke5 57. Qe7+ Kf4 58. Qd6+ Qe5 59. Qxb6 Kg3 60. Qa5 Qe3+ 0-1

[Event "DEM U12 2018"]
[Site "Willingen GER"]
[Date "2018.05.23"]
[Round "6"]
[White "Schwartz, Oliver"]
[Black "May, Alexander"]
[Result "1-0"]
[Termination "normal"]
[Board "26"]
[WhiteElo "1651"]
[BlackElo "1373"]
[PlyCount "47"]
[WhiteFideId "16207459"]
[BlackFideId "16244974"]
[EventCountry "GER"]
[EventRounds "11"]
[EventType "swiss"]
[EventDate "2018.05.19"]

1. e4 c5 2. Nf3 d6 3. d4 cxd4 4. Nxd4 Nf6 5. Nc3 a6 6. Be3 e5 7. Nb3 Be7 8. f3
O-O 9. Qd2 b5 10. O-O-O Be6 11. Nd5 Nbd7 12. g4 Qb8 13. Nxe7+ Kh8 14. Qxd6 Qd8
15. Nc6 Qc8 16. Nxe5 Bxb3 17. axb3 Nxe5 18. Qxe5 b4 19. Bc4 h6 20. Bxh6 Re8 21.
Bxg7+ Kxg7 22. Qg5+ Kf8 23. Qxf6 Re7 24. Qh8# 1-0

[Event "DEM U12 2018"]
[Site "Willingen GER"]
[Date "2018.05.23"]
[Round "6"]
[White "Hochlenert, Ben"]
[Black "Greßler, Christian"]
[Result "0-1"]
[Termination "normal"]
[Board "27"]
[WhiteElo "1023"]
[BlackElo "1290"]
[PlyCount "146"]
[WhiteFideId "16265980"]
[BlackFideId "16244907"]
[EventCountry "GER"]
[EventRounds "11"]
[EventType "swiss"]
[EventDate "2018.05.19"]

1. e4 e6 2. Nc3 d5 3. exd5 exd5 4. d4 Bb4 5. Bd2 Ne7 6. Bd3 Nbc6 7. Nf3 Bg4 8.
h3 Bh5 9. g4 Bg6 10. Bxg6 Nxg6 11. Qe2+ Qe7 12. Qxe7+ Ngxe7 13. O-O-O O-O-O 14.
Rhe1 Rhe8 15. a3 Ba5 16. b4 Bb6 17. Ng5 Bxd4 18. Nxf7 Rd7 19. b5 Nd8 20. Nxd8
Rdxd8 21. Nb1 Bxf2 22. Re2 Bc5 23. Bg5 h6 24. Bxe7 Rxe7 25. Rxe7 Bxe7 26. a4 c6
27. Nc3 Bg5+ 28. Kb1 Re8 29. Rh1 Re3 30. Nd1 Ra3 31. Nb2 Bf6 32. Re1 Kd7 33.
bxc6+ bxc6 34. Rd1 Bxb2 35. Kxb2 Rxa4 36. Kb3 Re4 37. Rd3 Ke7 38. Rc3 Kd6 39.
Rf3 a5 40. Rf7 Re7 41. Rf3 Kc5 42. Rc3+ Kb5 43. Kb2 a4 44. Rf3 c5 45. Rf8 Kc4
46. Ra8 Kb4 47. Rb8+ Ka5 48. Rc8 Kb4 49. Rb8+ Ka5 50. Ra8+ Kb5 51. Ka3 Re3+ 52.
Kb2 a3+ 53. Rxa3 Rxa3 54. Kxa3 Kc4 55. Kb2 g5 56. Kc1 Kc3 57. Kd1 c4 58. Kc1 d4
59. Kd1 d3 60. cxd3 Kxd3 61. h4 gxh4 62. g5 hxg5 63. Ke1 c3 64. Kd1 c2+ 65. Kc1
h3 66. Kb2 Kd2 67. Ka2 c1=Q 68. Kb3 Qc3+ 69. Ka4 Qb2 70. Ka5 Kc3 71. Ka6 Kc4
72. Ka7 Kc5 73. Ka8 Kc6 0-1

[Event "DEM U12 2018"]
[Site "Willingen GER"]
[Date "2018.05.23"]
[Round "6"]
[White "Gerdes, Jannes"]
[Black "Dornheim, Carl Friedrich"]
[Result "1-0"]
[Termination "normal"]
[Board "28"]
[WhiteElo "1492"]
[BlackElo "1441"]
[PlyCount "161"]
[WhiteFideId "16254627"]
[BlackFideId "16252314"]
[EventCountry "GER"]
[EventRounds "11"]
[EventType "swiss"]
[EventDate "2018.05.19"]

1. Nf3 d5 2. c4 e6 3. e3 c5 4. b3 Nf6 5. Bb2 Nc6 6. d4 Be7 7. dxc5 Bxc5 8. cxd5
exd5 9. Be2 O-O 10. O-O Bf5 11. Nc3 Re8 12. Nb5 Ne4 13. Nbd4 Nxd4 14. Nxd4 Bg6
15. a3 a6 16. b4 Ba7 17. Nf3 Rc8 18. Bd3 Qd6 19. Rc1 Rxc1 20. Bxc1 Qf6 21. Qc2
h6 22. Bb2 Qd6 23. Re1 Rd8 24. h3 Bb8 25. Be5 Qe6 26. Bxb8 Rxb8 27. Nd4 Qd7 28.
Bxe4 Bxe4 29. Qd2 Rc8 30. f3 Bh7 31. Rc1 b5 32. Rc3 Rc4 33. Kf2 Kf8 34. Nb3 Qc7
35. Nc5 Qc6 36. Rxc4 bxc4 37. a4 Ke8 38. a5 f6 39. Qc3 Ke7 40. Qd4 Bg8 41. Qg4
Kf8 42. Qd7 Qxd7 43. Nxd7+ Ke7 44. Nc5 Kd6 45. Nxa6 Kc6 46. Nc5 Kb5 47. a6 Kb6
48. Ke2 Bf7 49. Kd2 Be8 50. Kc3 Bb5 51. e4 Bc6 52. exd5 Bxd5 53. Kd4 Bg8 54. h4
Bf7 55. f4 Bg8 56. f5 Bf7 57. g4 Bg8 58. h5 Bf7 59. Ne6 Kxa6 60. Kxc4 Kb6 61.
Kd5 Be8 62. Nxg7 Bb5 63. Ke6 Be2 64. Kxf6 Bxg4 65. Kg6 Kb5 66. f6 Kxb4 67. f7
Be2 68. f8=Q+ Kc3 69. Qf6+ Kd2 70. Qf2 Kd3 71. Nf5 Bg4 72. Qg3+ Kc4 73. Qxg4+
Kd5 74. Qd4+ Kc6 75. Ne3 Kb5 76. Qc4+ Kb6 77. Nd5+ Kb7 78. Qc5 Ka8 79. Qb5 Ka7
80. Qb6+ Ka8 81. Nc7# 1-0

[Event "DEM U12 2018"]
[Site "Willingen GER"]
[Date "2018.05.23"]
[Round "7"]
[White "Wagner, Leopold Franziskus"]
[Black "Tham, Nam"]
[Result "1/2-1/2"]
[Termination "normal"]
[Board "1"]
[WhiteElo "2234"]
[BlackElo "1866"]
[WhiteClock "00:00:53"]
[BlackClock "00:18:42"]
[PlyCount "131"]
[WhiteFideId "1641581"]
[BlackFideId "12997331"]
[EventCountry "GER"]
[EventRounds "11"]
[EventType "swiss"]
[EventDate "2018.05.19"]

1. Nf3 {[%clk 1:15:52]} 1... Nf6 {[%clk 1:15:53]} 2. g3 {[%clk 1:16:06]} 2...
d5 {[%clk 1:16:17]} 3. Bg2 {[%clk 1:16:30]} 3... e6 {[%clk 1:16:41]} 4. O-O {
[%clk 1:16:52]} 4... Be7 {[%clk 1:17:08]} 5. c4 {[%clk 1:17:09]} 5... O-O {
[%clk 1:17:25]} 6. b3 {[%clk 1:17:15]} 6... c5 {[%clk 1:17:44]} 7. d3 { [%clk
1:16:56]} 7... Nc6 {[%clk 1:17:43]} 8. Nbd2 {[%clk 1:16:52]} 8... Qc7 { [%clk
1:17:16]} 9. Bb2 {[%clk 1:17:13]} 9... d4 {[%clk 1:17:31]} 10. e4 { [%clk
1:15:35]} 10... e5 {[%clk 1:17:24]} 11. h3 {[%clk 1:14:17]} 11... Re8 { [%clk
1:17:38]} 12. Nh2 {[%clk 1:13:47]} 12... a6 {[%clk 1:16:07]} 13. a3 { [%clk
1:10:19]} 13... b5 {[%clk 1:14:31]} 14. f4 {[%clk 1:09:54]} 14... Bf8 { [%clk
1:13:40]} 15. f5 {[%clk 1:05:33]} 15... bxc4 {[%clk 1:13:19]} 16. bxc4 { [%clk
1:04:29]} 16... Rb8 {[%clk 1:13:43]} 17. Bc1 {[%clk 1:04:42]} 17... Kh8 18. g4
{[%clk 1:04:37]} 18... Ng8 {[%clk 1:12:53]} 19. g5 {[%clk 1:01:24]} 19... f6
{[%clk 1:12:43]} 20. Qh5 {[%clk 0:59:26]} 20... Qe7 {[%clk 1:03:39]} 21. Ndf3
{[%clk 0:58:49]} 21... fxg5 {[%clk 1:00:11]} 22. Nxg5 {[%clk 0:57:20]} 22...
Nf6 {[%clk 1:00:29]} 23. Qh4 {[%clk 0:56:16]} 23... Nd8 {[%clk 0:57:52]} 24.
Ng4 {[%clk 0:53:38]} 24... Rb6 {[%clk 0:56:53]} 25. Bd2 {[%clk 0:53:09]} 25...
Nc6 {[%clk 0:53:43]} 26. Rab1 {[%clk 0:50:26]} 26... Rxb1 {[%clk 0:52:09] } 27.
Rxb1 {[%clk 0:50:44]} 27... Kg8 {[%clk 0:52:35]} 28. Kh1 {[%clk 0:36:56]} 28...
h6 {[%clk 0:50:38]} 29. Nf3 {[%clk 0:32:11]} 29... Nxg4 {[%clk 0:45:34]} 30.
Qxg4 {[%clk 0:31:56]} 30... Qf6 {[%clk 0:45:05]} 31. Rb6 {[%clk 0:28:36]} 31...
Re7 {[%clk 0:44:15]} 32. Qh4 {[%clk 0:19:11]} 32... Qxh4 {[%clk 0:42:20]} 33.
Nxh4 {[%clk 0:19:35]} 33... Rc7 {[%clk 0:42:45]} 34. Ng6 {[%clk 0:18:38]} 34...
Bb7 {[%clk 0:39:57]} 35. Bf3 {[%clk 0:17:48]} 35... Kf7 {[%clk 0:38:35]} 36.
Bh5 {[%clk 0:17:22]} 36... Kg8 {[%clk 0:36:20]} 37. Rb1 {[%clk 0:16:25]} 37...
Bc8 {[%clk 0:36:03]} 38. Rg1 {[%clk 0:15:36]} 38... Bd6 {[%clk 0:32:22]} 39. f6
{[%clk 0:13:35]} 39... Kh7 {[%clk 0:32:40]} 40. Nh4 {[%clk 0:12:15]} 40... g5
{[%clk 0:26:36]} 41. Bg6+ {[%clk 0:09:40]} 41... Kh8 {[%clk 0:26:42]} 42. Nf5
{[%clk 0:09:17]} 42... Bxf5 {[%clk 0:26:10]} 43. exf5 {[%clk 0:08:06]} 43... e4
{[%clk 0:21:44]} 44. dxe4 {[%clk 0:05:52]} 44... Ne5 {[%clk 0:21:44]} 45. Rb1
{[%clk 0:05:05]} 45... Rc8 {[%clk 0:21:33]} 46. Rb7 {[%clk 0:04:12]} 46... Bc7
{[%clk 0:19:33]} 47. Be1 {[%clk 0:06:32]} 47... d3 {[%clk 0:33:37]} 48. Bg3
{[%clk 0:04:28]} 48... d2 {[%clk 0:33:37]} 49. Rb1 {[%clk 0:04:38]} 49... Rb8
{[%clk 0:27:48]} 50. Rd1 {[%clk 0:04:23]} 50... Rb2 {[%clk 0:27:45]} 51. Kg2
{[%clk 0:03:59]} 51... Bb8 {[%clk 0:23:54]} 52. Kf1 {[%clk 0:03:14]} 52... Nxc4
{[%clk 0:20:31]} 53. Bxb8 {[%clk 0:02:41]} 53... Rxb8 { [%clk 0:20:55]} 54. Ke2
{[%clk 0:01:31]} 54... Rb3 {[%clk 0:19:59]} 55. Bf7 { [%clk 0:01:23]} 55...
Re3+ {[%clk 0:19:28]} 56. Kf2 {[%clk 0:01:20]} 56... Rxe4 {[%clk 0:19:37]} 57.
Rb1 {[%clk 0:01:03]} 57... Nb2 {[%clk 0:19:13]} 58. Bb3 { [%clk 0:00:47]} 58...
d1=Q {[%clk 0:18:01]} 59. Bxd1 {[%clk 0:01:05]} 59... Nxd1+ {[%clk 0:18:28]}
60. Rxd1 {[%clk 0:01:25]} 60... Rf4+ {[%clk 0:18:54]} 61. Ke3 {[%clk 0:01:19]}
61... Rxf5 {[%clk 0:19:09]} 62. Rd6 {[%clk 0:01:25]} 62... Kg8 {[%clk 0:17:45]}
63. Rxa6 {[%clk 0:01:14]} 63... Kf7 {[%clk 0:18:07]} 64. a4 {[%clk 0:01:18]}
64... Rf1 {[%clk 0:18:26]} 65. a5 {[%clk 0:00:54]} 65... Rh1 {[%clk 0:18:42]}
66. Rc6 {[%clk 0:00:53]} 1/2-1/2

[Event "DEM U12 2018"]
[Site "Willingen GER"]
[Date "2018.05.23"]
[Round "7"]
[White "Schubert, Nikita"]
[Black "Eilenberg, Jonas"]
[Result "1/2-1/2"]
[Termination "normal"]
[Board "2"]
[WhiteElo "1802"]
[BlackElo "1852"]
[WhiteClock "00:08:28"]
[BlackClock "00:12:01"]
[PlyCount "84"]
[WhiteFideId "16212339"]
[BlackFideId "16204271"]
[EventCountry "GER"]
[EventRounds "11"]
[EventType "swiss"]
[EventDate "2018.05.19"]

1. d4 {[%clk 1:15:58]} 1... d5 {[%clk 1:15:29]} 2. c4 {[%clk 1:16:17]} 2... e6
{[%clk 1:15:42]} 3. Nf3 {[%clk 1:16:25]} 3... c6 {[%clk 1:15:44]} 4. g3 { [%clk
1:16:02]} 4... dxc4 {[%clk 1:15:23]} 5. Bg2 {[%clk 1:16:06]} 5... Nf6 { [%clk
1:15:46]} 6. Ne5 {[%clk 1:14:26]} 6... Be7 {[%clk 1:15:27]} 7. O-O { [%clk
1:13:12]} 7... O-O {[%clk 1:15:40]} 8. Nc3 {[%clk 1:11:49]} 8... Nbd7 { [%clk
1:14:32]} 9. Nxc4 {[%clk 1:11:58]} 9... Nb6 {[%clk 1:13:04]} 10. Ne5 { [%clk
1:05:21]} 10... Nbd5 {[%clk 1:06:20]} 11. e4 {[%clk 1:04:49]} 11... Nxc3 {[%clk
1:05:26]} 12. bxc3 {[%clk 1:05:18]} 12... Nd7 {[%clk 1:03:21]} 13. Bf4 { [%clk
1:01:24]} 13... Nxe5 {[%clk 0:58:36]} 14. Bxe5 {[%clk 1:01:24]} 14... f6 {[%clk
0:53:03]} 15. Bf4 {[%clk 1:01:02]} 15... Qa5 {[%clk 0:52:41]} 16. Qb3 { [%clk
1:00:06]} 16... Kh8 {[%clk 0:52:34]} 17. e5 {[%clk 0:52:16]} 17... f5 { [%clk
0:51:36]} 18. Bd2 {[%clk 0:50:19]} 18... Qc7 {[%clk 0:49:16]} 19. Rfe1 { [%clk
0:45:10]} 19... a5 {[%clk 0:47:05]} 20. a4 {[%clk 0:41:22]} 20... Rd8 { [%clk
0:42:44]} 21. Qa2 {[%clk 0:34:11]} 21... Ra6 {[%clk 0:35:19]} 22. Bf1 { [%clk
0:31:32]} 22... Ra8 {[%clk 0:35:14]} 23. Bg2 {[%clk 0:29:26]} 23... Ra6 { [%clk
0:35:29]} 24. Bf1 {[%clk 0:29:53]} 24... Ra8 {[%clk 0:35:57]} 25. Bc4 { [%clk
0:30:03]} 25... Qd7 {[%clk 0:36:00]} 26. Rab1 {[%clk 0:29:15]} 26... Re8 {[%clk
0:28:52]} 27. Bc1 {[%clk 0:28:43]} 27... Bd8 {[%clk 0:28:08]} 28. Ba3 { [%clk
0:25:46]} 28... Bc7 {[%clk 0:27:37]} 29. Bc5 {[%clk 0:21:25]} 29... Qd8 { [%clk
0:25:36]} 30. Qb3 {[%clk 0:18:14]} 30... Qg5 {[%clk 0:22:51]} 31. f4 { [%clk
0:17:12]} 31... Qg6 {[%clk 0:21:58]} 32. Be2 {[%clk 0:16:13]} 32... Qf7 { [%clk
0:20:47]} 33. Bf3 {[%clk 0:11:19]} 33... Ra6 {[%clk 0:18:45]} 34. Be2 { [%clk
0:11:17]} 34... Ra8 {[%clk 0:19:10]} 35. Kh1 {[%clk 0:10:31]} 35... b6 { [%clk
0:17:56]} 36. Bd6 {[%clk 0:05:33]} 36... Rb8 {[%clk 0:14:58]} 37. Bxc7 { [%clk
0:03:29]} 37... Qxc7 {[%clk 0:14:25]} 38. c4 {[%clk 0:02:26]} 38... Ba6 { [%clk
0:07:53]} 39. Kg1 {[%clk 0:01:28]} 39... Qa7 {[%clk 0:07:34]} 40. Qc3 { [%clk
0:00:52]} 40... h6 {[%clk 0:03:21]} 41. Qe3 {[%clk 0:08:19]} 41... Red8 { [%clk
0:13:22]} 42. Red1 {[%clk 0:08:28]} 42... Qa8 {[%clk 0:12:01]} 1/2-1/2

[Event "DEM U12 2018"]
[Site "Willingen GER"]
[Date "2018.05.23"]
[Round "7"]
[White "Foerster-Yialamas, Lucas"]
[Black "Metzdorf, Matteo"]
[Result "0-1"]
[Termination "normal"]
[Board "3"]
[WhiteElo "1924"]
[BlackElo "1832"]
[WhiteClock "00:16:04"]
[BlackClock "00:04:41"]
[PlyCount "104"]
[WhiteFideId "30901774"]
[BlackFideId "16209869"]
[EventCountry "GER"]
[EventRounds "11"]
[EventType "swiss"]
[EventDate "2018.05.19"]

1. e4 {[%clk 1:15:58]} 1... e6 {[%clk 1:15:52]} 2. d4 {[%clk 1:16:18]} 2... d5
{[%clk 1:16:18]} 3. Nc3 {[%clk 1:16:38]} 3... Nf6 {[%clk 1:16:40]} 4. e5 {
[%clk 1:16:55]} 4... Nfd7 {[%clk 1:17:05]} 5. f4 {[%clk 1:16:59]} 5... c5 {
[%clk 1:17:29]} 6. Nf3 {[%clk 1:16:55]} 6... Nc6 {[%clk 1:17:55]} 7. Be3 {
[%clk 1:16:57]} 7... a6 {[%clk 1:16:38]} 8. Qd2 {[%clk 1:16:54]} 8... b5 {
[%clk 1:17:04]} 9. dxc5 {[%clk 1:16:53]} 9... Bxc5 {[%clk 1:17:20]} 10. O-O-O {
[%clk 1:16:33]} 10... Qb6 {[%clk 1:16:53]} 11. Nd4 {[%clk 1:15:40]} 11... f6 {
[%clk 0:41:22]} 12. exf6 {[%clk 1:07:44]} 12... Nxf6 {[%clk 0:41:06]} 13. g3 {
[%clk 0:59:26]} 13... O-O {[%clk 0:34:10]} 14. Bh3 {[%clk 0:56:51]} 14... e5 {
[%clk 0:22:11]} 15. fxe5 {[%clk 0:56:02]} 15... Nxe5 {[%clk 0:18:44]} 16. Bxc8
{[%clk 0:56:05]} 16... Raxc8 {[%clk 0:18:10]} 17. Nf5 {[%clk 0:54:25]} 17...
Nc4 {[%clk 0:13:02]} 18. Nxd5 {[%clk 0:49:51]} 18... Qe6 {[%clk 0:09:31]} 19.
Bxc5 {[%clk 0:42:03]} 19... Nxd2 {[%clk 0:06:21]} 20. Nde7+ {[%clk 0:25:06]}
20... Kh8 {[%clk 0:06:17]} 21. Nxc8 {[%clk 0:24:00]} 21... Rxc8 {[%clk 0:05:58]
} 22. Rxd2 {[%clk 0:18:59]} 22... Qxf5 {[%clk 0:05:57]} 23. Bb6 {[%clk 0:15:32]
} 23... Qe6 {[%clk 0:04:53]} 24. Bd4 {[%clk 0:15:18]} 24... Qxa2 { [%clk
0:04:21]} 25. b3 {[%clk 0:15:41]} 25... Qa3+ {[%clk 0:03:33]} 26. Bb2 { [%clk
0:16:04]} 26... Qc5 {[%clk 0:03:16]} 27. Rhd1 {[%clk 0:16:20]} 27... h6 { [%clk
0:02:47]} 28. Bd4 {[%clk 0:15:48]} 28... Qf5 {[%clk 0:02:47]} 29. Rf2 { [%clk
0:15:46]} 29... Qe6 {[%clk 0:02:27]} 30. h4 {[%clk 0:15:04]} 30... Ng4 { [%clk
0:01:17]} 31. Rfd2 {[%clk 0:13:02]} 31... Qc6 {[%clk 0:01:02]} 32. Bb2 { [%clk
0:12:55]} 32... Ne3 {[%clk 0:00:38]} 33. Re1 {[%clk 0:12:43]} 33... Nxc2 {[%clk
0:00:38]} 34. Re7 {[%clk 0:11:45]} 34... Qh1+ {[%clk 0:00:40]} 35. Rd1 { [%clk
0:11:47]} 35... Ne3+ {[%clk 0:00:54]} 36. Kb1 {[%clk 0:11:45]} 36... Qxd1+
{[%clk 0:01:19]} 37. Ka2 {[%clk 0:12:05]} 37... Nf5 {[%clk 0:00:59]} 38. Rf7
{[%clk 0:12:20]} 38... Qd5 {[%clk 0:01:00]} 39. Ra7 {[%clk 0:12:24]} 39... Rc2
{[%clk 0:00:44]} 40. Rxa6 {[%clk 0:12:12]} 40... Qd4 {[%clk 0:00:58]} 41. Ra8+
{[%clk 0:12:19]} 41... Kh7 {[%clk 0:01:24]} 42. Ka3 {[%clk 0:12:37]} 42...
Qxb2+ {[%clk 0:01:41]} 43. Kb4 {[%clk 0:13:02]} 43... Rc4+ {[%clk 0:01:58]} 44.
Ka5 {[%clk 0:13:23]} 44... Qa3+ {[%clk 0:02:13]} 45. Kb6 {[%clk 0:13:48]} 45...
Qxa8 {[%clk 0:02:29]} 46. bxc4 {[%clk 0:14:13]} 46... bxc4 {[%clk 0:02:38]} 47.
g4 {[%clk 0:14:37]} 47... Qd5 {[%clk 0:02:54]} 48. g5 {[%clk 0:14:37]} 48... c3
{[%clk 0:03:19]} 49. h5 {[%clk 0:15:03]} 49... c2 {[%clk 0:03:43]} 50. g6+ {
[%clk 0:15:29]} 50... Kg8 {[%clk 0:04:10]} 51. Kc7 {[%clk 0:15:45]} 51... c1=Q+
{[%clk 0:04:22]} 52. Kb8 {[%clk 0:16:04]} 52... Qd7 {[%clk 0:04:41]} 0-1

[Event "DEM U12 2018"]
[Site "Willingen GER"]
[Date "2018.05.23"]
[Round "7"]
[White "Farokhi, Keyvan"]
[Black "Chassard, Cedric"]
[Result "1/2-1/2"]
[Termination "normal"]
[Board "4"]
[WhiteElo "1844"]
[BlackElo "1590"]
[WhiteClock "00:33:05"]
[BlackClock "00:55:39"]
[PlyCount "124"]
[WhiteFideId "12998630"]
[BlackFideId "16243536"]
[EventCountry "GER"]
[EventRounds "11"]
[EventType "swiss"]
[EventDate "2018.05.19"]

1. e4 {[%clk 1:15:59]} 1... e6 {[%clk 1:15:59]} 2. d4 {[%clk 1:16:21]} 2... d5
{[%clk 1:16:28]} 3. Nc3 {[%clk 1:16:43]} 3... Nf6 {[%clk 1:16:53]} 4. e5 {
[%clk 1:17:10]} 4... Nfd7 {[%clk 1:17:19]} 5. f4 {[%clk 1:17:35]} 5... c5 {
[%clk 1:17:45]} 6. Nf3 {[%clk 1:17:55]} 6... Nc6 {[%clk 1:18:10]} 7. Be3 {
[%clk 1:18:19]} 7... a6 {[%clk 1:18:36]} 8. Qd2 {[%clk 1:18:43]} 8... b5 {
[%clk 1:18:57]} 9. dxc5 {[%clk 1:18:49]} 9... Bxc5 {[%clk 1:19:18]} 10. Bd3 {
[%clk 1:19:09]} 10... d4 {[%clk 1:18:45]} 11. Nxd4 {[%clk 1:19:30]} 11... Nxd4
{[%clk 1:19:10]} 12. Be4 {[%clk 1:19:40]} 12... Nxc2+ {[%clk 1:18:51]} 13. Qxc2
{[%clk 1:19:15]} 13... Rb8 {[%clk 1:17:49]} 14. Bxc5 {[%clk 1:16:37]} 14...
Nxc5 {[%clk 1:18:01]} 15. O-O {[%clk 1:16:51]} 15... Nxe4 {[%clk 1:17:10]} 16.
Nxe4 {[%clk 1:17:16]} 16... Bb7 {[%clk 1:10:37]} 17. Nd6+ {[%clk 1:17:13]}
17... Kf8 {[%clk 1:08:27]} 18. Qc5 {[%clk 1:16:27]} 18... Kg8 {[%clk 1:06:12]}
19. Rad1 {[%clk 1:16:44]} 19... Bd5 {[%clk 1:05:33]} 20. Rxd5 {[%clk 1:00:21]}
20... exd5 {[%clk 1:05:45]} 21. Qxd5 {[%clk 1:00:41]} 21... Qe7 {[%clk 1:04:27]
} 22. f5 {[%clk 1:00:30]} 22... h5 {[%clk 1:03:38]} 23. e6 {[%clk 0:53:50]}
23... Rd8 {[%clk 1:02:06]} 24. Qb7 {[%clk 0:43:11]} 24... Qxb7 {[%clk 0:58:47]}
25. Nxb7 {[%clk 0:43:15]} 25... Re8 {[%clk 0:58:25]} 26. Nd6 {[%clk 0:43:24]}
26... Re7 {[%clk 0:58:30]} 27. exf7+ {[%clk 0:43:36]} 27... Rxf7 { [%clk
0:56:35]} 28. Nxf7 {[%clk 0:43:53]} 28... Kxf7 {[%clk 0:57:01]} 29. Rc1 { [%clk
0:43:31]} 29... Rd8 {[%clk 0:57:09]} 30. Rc7+ {[%clk 0:43:29]} 30... Kf6 {[%clk
0:56:42]} 31. Rc6+ {[%clk 0:43:39]} 31... Kxf5 {[%clk 0:57:04]} 32. Rxa6 {[%clk
0:44:02]} 32... Rd1+ {[%clk 0:57:25]} 33. Kf2 {[%clk 0:44:28]} 33... Rd2+
{[%clk 0:57:51]} 34. Kg3 {[%clk 0:44:52]} 34... Rxb2 {[%clk 0:58:13]} 35. Ra5
{[%clk 0:45:15]} 35... g5 {[%clk 0:57:48]} 36. h3 {[%clk 0:33:44]} 36... Kf6
{[%clk 0:55:58]} 37. Ra3 {[%clk 0:30:11]} 37... b4 {[%clk 0:53:38]} 38. Ra6+
{[%clk 0:29:58]} 38... Kf5 {[%clk 0:53:17]} 39. Ra5+ {[%clk 0:29:26]} 39... Kf6
{[%clk 0:53:37]} 40. Kh2 {[%clk 0:27:28]} 40... b3 {[%clk 0:50:45]} 41. axb3
{[%clk 0:27:54]} 41... Rxb3 {[%clk 0:51:09]} 42. h4 {[%clk 0:28:19]} 42... gxh4
{[%clk 0:50:56]} 43. Rxh5 {[%clk 0:28:40]} 43... Kg6 {[%clk 0:51:04] } 44. Rxh4
{[%clk 0:29:03]} 44... Kg7 {[%clk 0:51:26]} 45. Ra4 {[%clk 0:29:25]} 45... Rb8
{[%clk 0:51:46]} 46. g4 {[%clk 0:29:45]} 46... Kg8 {[%clk 0:52:09]} 47. Kg3
{[%clk 0:30:09]} 47... Rc8 {[%clk 0:52:25]} 48. Kf4 {[%clk 0:30:32]} 48... Rb8
{[%clk 0:52:47]} 49. g5 {[%clk 0:30:50]} 49... Rb5 {[%clk 0:52:02]} 50. Ra8+
{[%clk 0:31:14]} 50... Kg7 {[%clk 0:52:28]} 51. Kg4 {[%clk 0:31:37]} 51... Rb6
{[%clk 0:52:27]} 52. Kh5 {[%clk 0:31:56]} 52... Rc6 {[%clk 0:52:32]} 53. Ra7+
{[%clk 0:31:55]} 53... Kg8 {[%clk 0:52:52]} 54. g6 {[%clk 0:31:35]} 54... Rc1
{[%clk 0:53:01]} 55. Ra6 {[%clk 0:30:41]} 55... Rh1+ {[%clk 0:53:22]} 56. Kg5
{[%clk 0:31:02]} 56... Rg1+ {[%clk 0:53:36]} 57. Kf6 {[%clk 0:31:24]} 57...
Rf1+ {[%clk 0:54:02]} 58. Ke7 {[%clk 0:31:38]} 58... Re1+ {[%clk 0:54:20] } 59.
Re6 {[%clk 0:31:53]} 59... Rxe6+ {[%clk 0:54:31]} 60. Kxe6 { [%clk 0:32:18]}
60... Kg7 {[%clk 0:54:50]} 61. Kf5 {[%clk 0:32:41]} 61... Kg8 { [%clk 0:55:11]}
62. Kf6 {[%clk 0:33:05]} 62... Kf8 {[%clk 0:55:39]} 1/2-1/2

[Event "DEM U12 2018"]
[Site "Willingen GER"]
[Date "2018.05.23"]
[Round "7"]
[White "Bui, Bao Anh Le"]
[Black "Garner, Isaac"]
[Result "1/2-1/2"]
[Termination "normal"]
[Board "5"]
[WhiteElo "1974"]
[BlackElo "1751"]
[WhiteClock "00:01:19"]
[BlackClock "00:07:22"]
[PlyCount "47"]
[WhiteFideId "12970719"]
[BlackFideId "16239261"]
[EventCountry "GER"]
[EventRounds "11"]
[EventType "swiss"]
[EventDate "2018.05.19"]

1. e4 {[%clk 1:15:30]} 1... c5 {[%clk 1:15:28]} 2. Nf3 {[%clk 1:15:55]} 2... e6
{[%clk 1:15:53]} 3. c4 {[%clk 1:16:21]} 3... Nc6 {[%clk 1:16:16]} 4. Nc3 {
[%clk 1:16:45]} 4... Nd4 {[%clk 1:16:42]} 5. Bd3 {[%clk 1:17:10]} 5... Ne7 {
[%clk 1:13:47]} 6. Nxd4 {[%clk 1:17:20]} 6... cxd4 {[%clk 1:14:05]} 7. Ne2 {
[%clk 1:17:47]} 7... Nc6 {[%clk 1:14:02]} 8. Bc2 {[%clk 1:17:38]} 8... e5 {
[%clk 1:03:37]} 9. O-O {[%clk 1:16:41]} 9... Be7 {[%clk 1:01:43]} 10. f4 {
[%clk 1:15:51]} 10... d6 {[%clk 1:01:15]} 11. f5 {[%clk 1:14:51]} 11... a6 {
[%clk 0:58:43]} 12. d3 {[%clk 1:06:36]} 12... O-O {[%clk 0:49:28]} 13. Ng3 {
[%clk 1:05:28]} 13... Bg5 {[%clk 0:45:59]} 14. Qg4 {[%clk 0:59:36]} 14... Bxc1
{[%clk 0:40:37]} 15. Raxc1 {[%clk 0:59:05]} 15... h6 {[%clk 0:40:13]} 16. h4 {
[%clk 0:53:38]} 16... Kh8 {[%clk 0:32:51]} 17. Qh5 {[%clk 0:48:25]} 17... Ne7 {
[%clk 0:24:10]} 18. Nh1 {[%clk 0:18:50]} 18... Ng8 {[%clk 0:18:36]} 19. Nf2 {
[%clk 0:18:26]} 19... Nf6 {[%clk 0:18:05]} 20. Qf3 {[%clk 0:18:46]} 20... h5 {
[%clk 0:15:06]} 21. Kh1 {[%clk 0:13:19]} 21... g6 {[%clk 0:12:03]} 22. g4 {
[%clk 0:10:48]} 22... hxg4 {[%clk 0:08:58]} 23. Nxg4 {[%clk 0:11:14]} 23... Nh5
{[%clk 0:07:22]} 24. Qf2 {[%clk 0:01:19]} 1/2-1/2